000 01118nam0a2200349 4500
001 RU\NLR\BIBL_A\010672934
005 20260406123002.0
010 _a978-5-17-088365-3
_95000
021 _aRU
_b2014-96142
_95839
035 _a(NLR Aleph) 010672934
035 _a(NILC)RuMoRGB-007842302
090 _a9614192
_c9614192
100 _a20150216d2014 |||y0rusy50 ca
101 1 _arus
_ceng
102 _aRU
105 _ay z 000ay
200 1 _aВорон
_e[роман]
_fБертрис Смолл
_g[пер. с англ. Л.А. Михайловой]
210 _aМосква
_cАСТ
_d2014
215 _a541, [2] с.
_d17
225 1 _aМини-шарм
_eлучшее
333 _a16+
675 _a821.111(73)-31
686 1 _aШ6(7США)67-440.4{Лх1979-50}
700 1 _4070
_7ca
_8rus
_aСмолл
_bБ.
_f1937-2015
_gБертрис
_3RU\NLR\AUTH\77816
_9110856
801 0 _aRU
_bRuMoRKP
_c20100622
_gRCR
801 2 _aRU
_bРГБ
_c20141222
_grcr
801 1 _aRU
_bRuMoRKP
_c20100622
_2rusmarc
942 _cBOOK
980 _aNBR
980 _aNB